Catalog

Record Details

Catalog Search



Counseling with youth : at church, school and camp Cover Image Book Book

Counseling with youth : at church, school and camp by Clyde M. Narramore

Record details

  • Physical Description: 113 p.
  • Publisher: Grand Rapids, Michigan Zondervan Publishing House 1966

Available copies

  • 1 of 1 copy available at Common Catalog SPOK.

Holds

  • 0 current holds with 1 total copy.
Show All Copies
Location Call Number / Copy Notes Barcode Shelving Location Status Due Date
ETS Library 259.2 424470003846 Volný výběr Available -

LDR 00648nam a2 00217
00141119
003CZ-PrJAB
00520030623000000.0
008030623s1966 xxu e |||| |eng
009us
035 . ‡a(CONS)1556
035 . ‡aKPS2675
041 . ‡aeng
08214. ‡a259.2
100 . ‡7967 ‡aNarramore, Clyde M.
245 . ‡aCounseling with youth : ‡bat church, school and camp ‡cby Clyde M. Narramore
260 . ‡aGrand Rapids, Michigan ‡bZondervan Publishing House ‡c1966
300 . ‡a113 p.
653 . ‡aCounseling With Youth at church, school and camp
8524 . ‡bETS ‡bETS ‡cVolný výběr ‡j259.2 ‡gA ‡p424470003846
910 . ‡aABG450
999 . ‡a1556 ‡bAUTOGEN ‡c1556 ‡tbiblio
905 . ‡uadmin
901 . ‡a41119 ‡b ‡c41119 ‡tbiblio ‡sets

Additional Resources